Os Lusiadas / (Record no. 38643)

MARC details
000 -LEADER
campo de control de longitud fija 00655nam a2200193 i 4500
001 - NÚMERO DE CONTROL
campo de control 38643
003 - IDENTIFICADOR DE NÚMERO DE CONTROL
campo de control ES-MaACL
005 - FECHA Y HORA DE LA ÚLTIMA TRANSACCIÓN
campo de control 20251013181143.0
007 - CAMPO FIJO DE DESCRIPCIÓN FÍSICA--INFORMACIÓN GENERAL
campo de control de longitud fija t|
008 - DATOS DE LONGITUD FIJA--INFORMACIÓN GENERAL
campo de control de longitud fija 030226s1933 po ||||1| por d
100 1# - ENTRADA PRINCIPAL--NOMBRE DE PERSONA
Nombre de persona Camões, Luís de,
Fechas asociadas al nombre 1524?-1580
9 (RLIN) 181622
245 13 - MENCIÓN DEL TÍTULO
Título Os Lusiadas /
Mención de responsabilidad, etc. de Luis de Camoes ; anotados por Campos Monteiro (para uso das escolas) com uma biografía do poeta.
250 ## - MENCION DE EDICION
Mención de edición 3ª ed. (melhorada).
260 ## - PUBLICACIÓN, DISTRIBUCIÓN, ETC.
Lugar de publicación, distribución, etc. Porto :
Nombre del editor, distribuidor, etc. Domingos Barreira,
Fecha de publicación, distribución, etc. 1933 (
Fabricante Gouçalves e Nogueira)
300 ## - DESCRIPCIÓN FÍSICA
Extensión 480 p. ;
Dimensiones 17 cm.
700 1# - ENTRADA AGREGADA--NOMBRE PERSONAL
Nombre de persona Monteiro, Campos,
Fechas asociadas al nombre 1876-1933
9 (RLIN) 154608
852 ## - LOCALIZACIÓN
Ubicación ES-MaACL
Número de control de estantería A-2769
Holdings
Estatus retirado Estado de pérdida Estado de daño No para préstamo Biblioteca de origen Biblioteca actual Ubicación en estantería Fecha de adquisición Fuente de adquisición Total de préstamos Signatura topográfica completa Código de barras Visto por última vez Precio de reemplazo Tipo de ítem Koha
        Biblioteca del Ateneo de Madrid Biblioteca del Ateneo de Madrid Sala Pecera Planta 1 17/01/2008     A-2769 1040694 23/02/2023 23/02/2023 Libro impreso